Cryptography and Network Security (Record no. 5933)

MARC details
000 -LEADER
fixed length control field 00354nam a2200145Ia 4500
008 - FIXED-LENGTH DATA ELEMENTS--GENERAL INFORMATION
fixed length control field 191201s2014 xx 000 0 und d
082 ## - DEWEY DECIMAL CLASSIFICATION NUMBER
Classification number 005.82
Item number STC
100 ## - MAIN ENTRY--PERSONAL NAME
Personal name STALLINGS, William
245 #0 - TITLE STATEMENT
Title Cryptography and Network Security
250 ## - EDITION STATEMENT
Edition statement Imp
260 ## - PUBLICATION, DISTRIBUTION, ETC. (IMPRINT)
Place of publication, distribution, etc N. delhi
Name of publisher, distributor, etc pearson
Date of publication, distribution, etc 2014
300 ## - PHYSICAL DESCRIPTION
Extent 660
650 ## - SUBJECT ADDED ENTRY--TOPICAL TERM
Topical term or geographic name as entry element B.Tech(CSE)
942 ## - ADDED ENTRY ELEMENTS (KOHA)
Source of classification or shelving scheme Dewey Decimal Classification
Koha item type Text Books
942 ## - ADDED ENTRY ELEMENTS (KOHA)
-- 6
Holdings
Withdrawn status Lost status Source of classification or shelving scheme Damaged status Not for loan Collection code Home library Current library Date acquired Source of acquisition Cost, normal purchase price Bill Number Total Checkouts Full call number Acc. no. / Barcode Checked out Date last seen Date last borrowed Actual Cost, discounted price Bill Date Koha item type
    Dewey Decimal Classification     B.Tech(CSE) PIET C-LIBRARY PIET C-LIBRARY 26/07/2014 Orange Books International 625.00 4546 2 005.82 STC 24409 19/12/2022 22/06/2022 22/06/2022 437.50 23/07/2014 Text Books
    Dewey Decimal Classification     B.Tech(CSE) PIET C-LIBRARY PIET C-LIBRARY 26/07/2014 Orange Books International 625.00 4546 6 005.82 STC 24410   25/08/2025 05/09/2024 437.50 23/07/2014 Text Books
    Dewey Decimal Classification     B.Tech(CSE) PIET C-LIBRARY PIET C-LIBRARY 26/07/2014 Orange Books International 625.00 4546 5 005.82 STC 24411   14/05/2026 28/04/2026 437.50 23/07/2014 Text Books
    Dewey Decimal Classification     B.Tech(CSE) PIET C-LIBRARY PIET C-LIBRARY 26/07/2014 Orange Books International 625.00 4546 1 005.82 STC 24412   13/09/2025 02/03/2022 437.50 23/07/2014 Text Books

Design & Developed by: PIET Central Library
R70 Miles Stone Pattikalyana Samalkha Panipat 132102
mail ID :- [email protected], Phone No:- 0180-2569700 Ex.216